000 00413nam a2200169Ia 4500
999 _c248
_d248
003 OSt
005 20210913104553.0
008 190216s9999||||xx |||||||||||||| ||und||
040 _coclc
082 _a491.439
_bMER/R
100 _aNull
245 0 _aRooe Khandal /
260 _bA Meridian Book,
300 _a128p
650 _aArabic
942 _cBK
_2ddc
_h491.439
_iMER/R
_k491.439
_mMER/R